000 00975nam a2200229Ii 4500
003 JO-AjNU
008 230605s9999||||xx |||||||||||||| ||und||
017 _a2017/10/5537
020 _a978-9957-92-183-5
040 _aJO-AjNU
_bara
_erda
_cJO-AjNU
041 _aara
050 1 4 _aBF637.Z873 2018
100 3 _aتأليف: الزريقات، ابراهيم عبدالله,
_eauthor
_960668
245 0 0 _aتحليل السلوك التطبيقي: مبادىء واجراءات في تعديل السلوك=Applied Behavior Analysis: Principles&Procedures in Bhavior Modification
250 _aالطبعة الاولى
264 3 1 _aعمان: دار الفكر ناشرون وموزعون، 2018
300 _a432ص
_b ويحتوي على قائمة مراجع من ص425ص- 432ص
336 _atext
_btxt
_2rdacontent
337 _aunmediated
_bn
_2rdamedia
338 _avolume
_bnc
_2rdacarrier
650 4 _aالسلوك- علم النفس التطبيقي
_960669
999 _aA27370
_c30938
_d30938